000 01848cam a22005174i 4500
003 PE-LiUPU
005 20250731165634.0
008 150616s r 000 0 d
035 _a(Sirsi) a6652
035 _a(Sirsi) a6652
040 _aPE-LiUPU
_bspa
_cPE-LiUPU
_erda
049 _aPRUA
082 0 4 _a225.077
_bNI
_221
100 1 _aDavids, Peter H.,
_eautor.
245 1 0 _aJames.
_n15 /
_cPeter H. Davids.
264 1 _aMassachusetts :
_bHendrickson Publishers,
_c1989.
300 _a172 páginas ;
_c21 cm.
336 _atext
_2rdacontent
337 _aunmediated
_2rdamedia
338 _avolume
_2rdacarrier
490 0 _aNew International Biblical Commentary ;
_v15
504 _aIncluye bibliografía.
505 0 _aWisdom for life's tests -- Prejudice and the poor -- Wisdom for the Tongue -- The christian and the world -- Praying for endurance and healing Wisdom Praying.
526 _aSEG44
526 _aSEG26
526 _aP151
526 _aP150
526 _aP149
526 _aP146
526 _aP145
526 _aP126
526 _aP125
526 _aP92
526 _aP75
526 _aP74
526 _aP27
526 _aP15
630 _aBiblia.
_pN.T.
_pSantiago
_xComentarios.
910 _ajck
_bjvq
_cjck
942 _2ddc
_cBOOK
949 _aRC 225.077 NI 15
_wDEWEY
_c1
_i40028
_lRC
_mBUL
_r0
_sY
_tBOOK
_u2015-6-16
_xTEOLOGIA
_zUNKNOWN
_0COMPRA
_o.CIRCNOTE. No olvidar cambiar la fecha de devolución!!!!!!!
_o.STAFF. Colección General
994 _aC0
_bPEPRU
596 _a1
999 _aRC 225.077 NI 15
_wDEWEY
_c57809
_i40028
_f2021-11-8
_g6
_lCCODEBUL1
_mBUL
_r1
_sY
_tBOOK
_u2015-6-16
_xTEOLOGIA
_zUNKNOWN
_0COMPRA
_o.CIRCNOTE. No olvidar cambiar la fecha de devolución!!!!!!!
_o.STAFF. Colección General
_d57809
980 _81
_gALBERTO SANCHEZ Responsable de Automatización